Give Me Everything - Pitbull Feat. Ne-Yo, AFROJACK, Nayer - All Lyrics - Statistics

General Stats
  • This quiz has been taken 123 times
  • The average score is 373 of 553
Answer Stats
Answer % Correct
to
98%
me
97%
me)
97%
Tonight,
97%
tonight
97%
tonight,
97%
tonight)
97%
I
96%
(I
96%
everything
95%
give
94%
Give
94%
a
91%
no
90%
ya
90%
you
89%
ha-ha
87%
Let's
84%
do
84%
Let's
84%
not
84%
we
84%
We
84%
tomorrow
83%
tomorrow)
83%
it
82%
it,
82%
might
82%
all
81%
So,
81%
so
81%
want
77%
get
76%
(Get
76%
know
75%
the
73%
"Hey"
72%
love
70%
of
69%
somebody
68%
for
67%
sexy,
66%
tell
65%
an
64%
I'm
63%
I'ma
63%
say,
63%
'em,
62%
Grab
62%
grab
62%
make
60%
And
59%
and
59%
And,
59%
what
59%
What
59%
'Cause
58%
'cause
58%
Excuse
58%
(Excuse
58%
they
57%
Don't
56%
don't
56%
on
56%
more
55%
my
55%
My
55%
drink
54%
if
54%
If
54%
should
53%
feel
52%
little
52%
Take
52%
take
52%
with
52%
baby
51%
baby,
51%
Baby,
51%
(Baby)
51%
is
51%
good
49%
(Good)
49%
good,
49%
than
49%
could
48%
stay
48%
But
46%
but
46%
care
46%
can
44%
home
44%
At
43%
I'll
42%
promise
42%
Nothing
41%
your
41%
life,
40%
in
38%
queen
37%
right,
37%
Can't
36%
girl,
33%
gon'
33%
like
33%
Put
32%
them
31%
enough,
30%
world
30%
off
28%
endless
27%
play
27%
way
27%
top
26%
dale
25%
Think
25%
It's
24%
or
24%
up
24%
about
23%
from
23%
got
23%
princess
23%
games
22%
keep
21%
Lindsay
21%
secret
21%
Lohan
20%
Money
20%
money
20%
'til
20%
American
19%
Cuba,
19%
ain't
18%
fall
18%
advantage
17%
insane,
17%
stars
17%
perform
14%
Reach
14%
Dubai
13%
locked
13%
flowin',
12%
flowin'
12%
hustlers
11%
slip
11%
you'll
11%
growin'
10%
handle
10%
move
10%
least
9%
name
9%
tiptoein',
9%
gettin'
8%
idol,
8%
Mason's
6%
family's
5%
involved
5%
Seacrest
5%
silence
5%
deeper
4%
No matching quizzes found
Score Distribution
Percent of People with Each Score
Percentile by Number Answered
Your Score History
You have not taken this quiz